Passover Food or Not? Quiz Stats

 Plays Quiz Updated Mar 30, 2018

Score 0/7 Timer 03:00
1 Play Today
% Correct
Matzah
80.6%
Bitter Herbs
74.7%
Parsley or Celery
65.3%
Charoset
65%
Roasted Shank Bone
62%
Salt Water
61.7%
Hard Boiled Egg
60.9%

You're not logged in!

Compare scores with friends on all Sporcle quizzes.
OR
Log In

Show Comments

Extras

Top Quizzes Today


Score Distribution

Your Account Isn't Verified!

In order to create a playlist on Sporcle, you need to verify the email address you used during registration. Go to your Sporcle Settings to finish the process.

Report this User

Report this user for behavior that violates our Community Guidelines.

Details: